Wszystkie miasta Europy powyżej 200k mieszkańców - Statystyki

Ogólne statystyki
  • Ten quiz został rozwiązany 40 razy
  • Średni wynik to 160 z 316
Odpowiedzi na mapie
Odpowiedzi zakodowano w zielono-czerwonej skali na mapie do tego quizu, zgodnie z poniższymi procentami.
 
Statystyki odpowiedzi
Państwo Miasto Liczba ludności % Poprawnych
Finlandia Helsinki 653 835
100%
Norwegia Oslo 693 494
100%
Czechy Praga 1 324 277
100%
Holandia Amsterdam 1 114 745
97%
Niemcy Berlin 3 644 826
97%
Polska Białystok 297 459
97%
Węgry Budapeszt 1 752 286
97%
Irlandia Dublin 553 165
97%
Polska Gdańsk 466 631
97%
Polska Gdynia 246 309
97%
Ukraina Kijów 2 950 819
97%
Dania Kopenhaga 1 330 993
97%
Polska Łódź 685 285
97%
Wielka Brytania Londyn 8 992 166
97%
Ukraina Lwów 724 713
97%
Włochy Mediolan 1 378 689
97%
Białoruś Mińsk 2 020 600
97%
Niemcy Monachium 1 471 508
97%
Rosja Moskwa 12 432 531
97%
Francja Paryż 2 187 526
97%
Polska Poznań 536 438
97%
Łotwa Ryga 632 614
97%
Włochy Rzym 2 856 133
97%
Rosja Sankt Petersburg 5 383 890
97%
Szwecja Sztokholm 1 758 893
97%
Polska Warszawa 1 777 972
97%
Litwa Wilno 551 020
97%
Polska Wrocław 640 648
97%
Hiszpania Barcelona 1 636 762
94%
Rumunia Bukareszt 1 883 425
94%
Niemcy Hamburg 1 841 179
94%
Polska Kraków 771 069
94%
Portugalia Lizbona 552 700
94%
Polska Lublin 339 682
94%
Hiszpania Madryt 3 266 126
94%
Polska Radom 213 029
94%
Bośnia i Hercegowina Sarajewo 348 363
94%
Hiszpania Sewilla 688 592
94%
Bułgaria Sofia 1 242 568
94%
Polska Szczecin 402 465
94%
Estonia Tallinn 437 619
94%
Austria Wiedeń 1 911 728
94%
Chorwacja Zagrzeb 688 163
94%
Grecja Ateny 664 046
91%
Serbia Belgrad 1 166 763
91%
Wielka Brytania Birmingham 1 159 114
91%
Słowacja Bratysława 432 864
91%
Czechy Brno 381 346
91%
Polska Bydgoszcz 350 178
91%
Ukraina Charków 1 446 107
91%
Polska Częstochowa 222 292
91%
Niemcy Dortmund 587 010
91%
Rosja Kaliningrad 482 443
91%
Polska Katowice 294 510
91%
Wielka Brytania Liverpool 583 132
91%
Francja Marsylia 863 310
91%
Włochy Neapol 959 188
91%
Portugalia Porto 237 591
91%
Turcja Stambuł 9 874 000
91%
Polska Toruń 202 074
91%
Włochy Turyn 875 698
91%
Hiszpania Bilbao 346 843
88%
Ukraina Donieck 913 323
88%
Niemcy Drezno 554 649
88%
Wielka Brytania Edynburg 498 050
88%
Niemcy Frankfurt 753 056
88%
Wielka Brytania Glasgow 623 260
88%
Wielka Brytania Manchester 557 344
88%
Albania Tirana 418 495
88%
Hiszpania Walencja 794 288
88%
Holandia Haga 803 835
84%
Niemcy Lipsk 587 857
84%
Słowenia Lublana 284 355
84%
Francja Lyon 516 092
84%
Ukraina Odessa 1 013 159
84%
Włochy Palermo 663 401
84%
Grecja Saloniki 315 196
84%
Macedonia Północna Skopje 509 900
84%
Litwa Kowno 289 380
81%
Austria Linz 206 604
81%
Francja Nicea 340 017
81%
Czechy Ostrawa 287 968
81%
Polska Sosnowiec 202 036
81%
Włochy Wenecja 260 520
81%
Niemcy Brema 569 352
78%
Włochy Genua 578 000
78%
Niemcy Kolonia 1 085 664
78%
Szwecja Malmö 321 845
78%
Holandia Rotterdam 829 875
78%
Rosja/Ukraina Sewastopol 397 474
78%
Białoruś Grodno 356 900
75%
Mołdawia Kiszyniów 532 513
75%
Francja Nantes 309 346
75%
Niemcy Stuttgart 634 830
75%
Włochy Bari 320 862
72%
Wielka Brytania Belfast 336 610
72%
Włochy Bolonia 390 636
72%
Wielka Brytania Cardiff 351 884
72%
Holandia Eindhoven 298 795
72%
Szwecja Goteborg 651 014
72%
Austria Graz 291 007
72%
Słowacja Koszyce 238 757
72%
Hiszpania Málaga 574 654
72%
Wielka Brytania Newcastle 285 491
72%
Islandia Reykjavík 222 776
72%
Wielka Brytania Southampton 269 781
72%
Francja Strasbourg 280 966
72%
Francja Tuluza 479 553
72%
Białoruś Brześć 339 700
69%
Ukraina Dniepr 998 103
69%
Włochy Florencja 378 839
69%
Niemcy Hanower 538 068
69%
Rosja Krasnodar 918 145
69%
Wielka Brytania Leeds 507 720
69%
Norwegia Trondheim 205 163
69%
Hiszpania Vigo 295 364
69%
Belgia Antwerpia 525 935
66%
Norwegia Bergen 283 929
66%
Francja Bordeaux 254 436
66%
Szwajcaria Genewa 203 909
66%
Rosja Kazań 1 251 969
66%
Francja Rennes 216 815
66%
Bułgaria Warna 336 216
66%
Szwajcaria Zurych 420 097
66%
Niemcy Dusseldorf 619 294
63%
Niemcy Kilonia 247 548
63%
Wielka Brytania Leicester 473 216
63%
Serbia Nowy Sad 231 798
63%
Hiszpania Palma 416 065
63%
Niemcy Rostock 208 886
63%
Rosja Soczi 438 726
63%
Włochy Triest 204 267
63%
Włochy Werona 257 993
63%
Rosja Wołgograd 1 013 468
63%
Niemcy Bochum 364 628
59%
Wielka Brytania Bristol 576 813
59%
Niemcy Essen 583 109
59%
Francja Lille 232 787
59%
Ukraina Ługańsk 403 938
59%
Niemcy Magdeburg 238 697
59%
Hiszpania Saragossa 674 997
59%
Dania Aarhus 280 534
56%
Niemcy Bonn 327 258
56%
Rosja Murmańsk 292 465
56%
Niemcy Norymberga 518 365
56%
Wielka Brytania Nottingham 313 778
56%
Hiszpania Alicante 334 887
53%
Niemcy Augsburg 295 135
53%
Węgry Debreczyn 201 432
53%
Rumunia Kluż-Napoka 324 576
53%
Francja Montpellier 285 121
53%
Rosja Niżny Nowogród 1 253 511
53%
Rosja Perm 1 053 934
53%
Bułgaria Burgas 201 779
50%
Ukraina Mariupol 440 367
50%
Rosja Rostów nad Donem 1 133 307
50%
Wielka Brytania Sheffield 549 362
50%
Ukraina Zaporoże 738 728
50%
Hiszpania A Coruña 245 711
47%
Wielka Brytania Coventry 375 873
47%
Niemcy Duisburg 498 590
47%
Białoruś Homel 510 300
47%
Włochy Katania 311 584
47%
Włochy Padwa 210 912
47%
Rosja Smoleńsk 329 427
47%
Białoruś Witebsk 364 800
47%
Niemcy Akwizgran 247 380
44%
Niemcy Bielefeld 333 786
44%
Niemcy Gelsenkirchen 260 654
44%
Rumunia Konstanca 283 872
44%
Ukraina Krzywy Róg 624 579
44%
Niemcy Moguncja 217 118
44%
Hiszpania Murcja 453 258
44%
Rosja Samara 1 156 608
44%
Rosja Ufa 1 124 226
44%
Rosja Archangielsk 348 343
41%
Finlandia Espoo 289 731
41%
Ukraina Łuck 216 887
41%
Białoruś Mohylew 357 100
41%
Hiszpania Pampeluna 201 653
41%
Bułgaria Płowdiw 347 851
41%
Hiszpania Valladolid 298 412
41%
Belgia Charleroi 202 267
38%
Wielka Brytania Derby 264 253
38%
Belgia Gandawa 262 219
38%
Holandia Groningen 213 705
38%
Rosja Grozny 301 253
38%
Finlandia Oulu 205 489
38%
Wielka Brytania Plymouth 240 962
38%
Rumunia Timisoara 319 279
38%
Holandia Utrecht 382 520
38%
Niemcy Wiesbaden 278 342
38%
Rosja Woroneż 1 054 111
38%
Niemcy Wuppertal 354 382
38%
Hiszpania Elche 232 517
34%
Hiszpania Gijón 271 780
34%
Hiszpania Kordoba 325 701
34%
Rumunia Krajowa 269 506
34%
Wielka Brytania Luton 222 457
34%
Rosja Machaczkała 601 286
34%
Niemcy Mannheim 309 370
34%
Ukraina Mikołajów 483 186
34%
Ukraina Równe 246 535
34%
Ukraina Sumy 263 448
34%
Ukraina Winnica 369 839
34%
Hiszpania Grenada 232 462
31%
Rumunia Jassy 290 422
31%
Rosja Kursk 449 556
31%
Niemcy Lubeka 217 198
31%
Niemcy Münster 314 319
31%
Wielka Brytania Wolverhampton 219 992
31%
Rumunia Braszów 253 200
28%
Niemcy Chemnitz 247 235
28%
Niemcy Erfurt 213 699
28%
Niemcy Karlsruhe 313 092
28%
Włochy Mesyna 232 555
28%
Niemcy Mönchengladbach 261 454
28%
Ukraina Symferopol 341 536
28%
Finlandia Tampere 238 140
28%
Rosja Tula 479 105
28%
Wielka Brytania Bolton 203 389
25%
Niemcy Brunszwik 248 292
25%
Ukraina Chersoń 289 096
25%
Rosja Jarosław 609 828
25%
Hiszpania Oviedo 219 686
25%
Wielka Brytania Portsmouth 249 048
25%
Rosja Psków 210 116
25%
Rosja Astrachań 534 241
22%
Rosja Biełgorod 392 426
22%
Wielka Brytania Bradford 363 604
22%
Rosja Briańsk 404 793
22%
Holandia Dordrecht 221 235
22%
Rumunia Gałacz 249 432
22%
Niemcy Halle 239 257
22%
Wielka Brytania Kingston upon Hull 288 651
22%
Wielka Brytania Northampton 229 837
22%
Ukraina Połtawa 288 324
22%
Rosja Riazan 539 789
22%
Ukraina Tarnopol 221 820
22%
Holandia Tilburg 213 055
22%
Finlandia Vantaa 233 775
22%
Ukraina Żytomierz 265 240
22%
Białoruś Bobrujsk 212 200
19%
Wielka Brytania Brighton and Hove 244 329
19%
Ukraina Czerkasy 276 360
19%
Holandia Haarlem 204 570
19%
Rosja Noworosyjsk 275 197
19%
Rosja Orenburg 565 341
19%
Rumunia Ploeszti 209 945
19%
Rosja Sarańsk 318 578
19%
Ukraina Czernihów 288 268
16%
Niemcy Fryburg Bryzgowijski 230 241
16%
Ukraina Iwano-Frankiwsk 236 602
16%
Rosja Iżewsk 648 944
16%
Hiszpania Kartagena 214 802
16%
Niemcy Kassel 201 585
16%
Niemcy Krefeld 227 020
16%
Rosja Nalczyk 238 710
16%
Rosja Nowogród Wielki 224 297
16%
Rosja Orzeł 311 625
16%
Wielka Brytania Reading 230 046
16%
Hiszpania Badalona 220 440
13%
Ukraina Biała Cerkiew 208 944
13%
Ukraina Chmielnicki 271 263
13%
Turcja Çorlu 288 692
13%
Ukraina Czerniowce 266 533
13%
Holandia Lejda 270 225
13%
Hiszpania L'Hospitalet de Llobregat 264 923
13%
Rosja Lipieck 509 420
13%
Rosja Penza 522 317
13%
Hiszpania Sabadell 213 644
13%
Rosja Saratów 841 902
13%
Rosja Stawropol 437 367
13%
Wielka Brytania Stoke-on-Trent 277 528
13%
Rosja Twer 420 850
13%
Rosja Uljanowsk 627 870
13%
Rosja Władykaukaz 304 897
13%
Rosja Włodzimierz 357 907
13%
Rosja Chimki 254 748
9%
Rosja Czeboksary 495 317
9%
Rosja Iwanowo 405 053
9%
Rosja Kaługa 336 726
9%
Rosja Kirow 512 954
9%
Ukraina Krzemieńczuk 220 065
9%
Ukraina Makiejewka 343 158
9%
Rosja Pietrozawodsk 280 170
9%
Rosja Podolsk 304 245
9%
Rosja Taganrog 248 664
9%
Ukraina Gorłówka 244 033
6%
Hiszpania Jerez de la Frontera 212 749
6%
Rosja Kostroma 276 064
6%
Niemcy Oberhausen 210 829
6%
Rosja Szachty 231 646
6%
Rosja Tambow 291 663
6%
Hiszpania Vitoria-Gasteiz 251 774
6%
Rosja Bałaszycha 490 047
3%
Rosja Dzierżyńsk 229 470
3%
Rosja Engels 225 731
3%
Rosja Joszkar-Oła 271 868
3%
Ukraina Kropywnycki 227 413
3%
Rosja Lubierce 207 349
3%
Hiszpania Móstoles 209 184
3%
Rosja Mytiszcze 222 739
3%
Rosja Nabierieżnyje Czełny 533 907
3%
Rosja Syktywkar 244 797
3%
Hiszpania Terrassa 220 556
3%
Rosja Toljatti 702 831
3%
Rosja Wołogda 311 846
3%
Rosja Czerepowiec 316 529
0%
Ukraina Kamieńskie 233 358
0%
Rosja Korolow 224 533
0%
Rosja Niżniekamsk 238 879
0%
Rosja Orsk 227 924
0%
Rosja Stary Oskoł 223 809
0%
Rosja Sterlitamak 278 127
0%
Rosja Wołżski 323 604
0%
Nie znaleziono quizów pasujących do podanych kryteriów
Rozkład punktacji
Procent ludzi z każdym wynikiem
Percentyl według liczby udzielonych odpowiedzi
Twoja historia wyników
Nie rozwiązałeś tego quizu